00278nam a2200109 a 4500008004100000050001500041100002200056245002900078260003500107300001700142350000900159120416s1967 ||||||||||||||||| || u aBM 535 Lap aLapide, Pinchas E10aThree Popes and the Jews aNew YorkbHawthorn Booksc1967 a384p. : ill. a0.00